[Event "4NCL Division Three East"]
[Site "Milton Keynes, ENG"]
[Date "2023.05.01"]
[Round "11.54"]
[White "Rosen, Daniel B"]
[Black "Taylor, Alistair"]
[Result "1-0"]
[WhiteElo "2092"]
[BlackElo "1865"]
[PlyCount "113"]
[EventDate "2023.05.01"]
[WhiteTeam "Poisoned Pawns"]
[BlackTeam "Watford A"]

1. e4 c5 2. Nc3 a6 3. g3 Nc6 4. Bg2 d6 5. d3 Nf6 6. f4 Bg4 7. Nf3 Qb6 8. h3
Bxf3 9. Qxf3 Nd4 10. Qf2 e6 11. O-O Nd7 12. Nd1 f6 13. Ne3 Be7 14. c3 Nc6 15.
Nc4 Qd8 16. Be3 O-O 17. Rfd1 b5 18. Nd2 e5 19. Nf3 Rc8 20. f5 b4 21. Bf1 bxc3
22. bxc3 Qa5 23. Qc2 Rb8 24. Rdb1 Rxb1 25. Rxb1 Kh8 26. Rb7 Ndb8 27. Nd2 Rc8
28. Nc4 Qd8 29. Be2 Rc7 30. Qb2 Nd7 31. Bd1 Qc8 32. Rxc7 Qxc7 33. Ba4 Ndb8 34.
Qb6 Qxb6 35. Nxb6 Kg8 36. Nd5 Bd8 37. Kf2 Ne7 38. Nxe7+ Bxe7 39. Ke2 a5 40. Bb5
Bd8 41. Kd2 Kf8 42. Kc2 Ke7 43. Kb3 Bb6 44. Kc4 h6 45. Kd5 Bc7 46. Bc1 Bb6 47.
Ba3 Ba7 48. g4 Bb6 49. d4 exd4 50. cxd4 Nd7 51. Bxd7 Kxd7 52. dxc5 Bxc5 53.
Bxc5 dxc5 54. Kxc5 Kc7 55. a4 Kd7 56. Kd5 Ke7 57. Kc6 1-0

[Event "4NCL Division Three East"]
[Site "Milton Keynes, ENG"]
[Date "2023.05.01"]
[Round "11.55"]
[White "Lancaster, Roger"]
[Black "Kemp, Paul R"]
[Result "0-1"]
[WhiteElo "1959"]
[BlackElo "2014"]
[PlyCount "92"]
[EventDate "2023.05.01"]
[WhiteTeam "Watford A"]
[BlackTeam "Poisoned Pawns"]

1. e4 c6 2. Nc3 d5 3. Qf3 dxe4 4. Nxe4 Nf6 5. c3 Nxe4 6. Qxe4 Nd7 7. d4 Nf6 8.
Qc2 Bg4 9. Bd3 Bh5 10. Nf3 Bxf3 11. gxf3 Qd6 12. Be3 g6 13. O-O-O Nd5 14. Kb1
O-O-O 15. h4 Bg7 16. h5 Kb8 17. a3 e5 18. Bg5 Bf6 19. dxe5 Qxe5 20. Bxf6 Qxf6
21. hxg6 hxg6 22. Rxh8 Rxh8 23. Be4 Nb6 24. Qd3 Qe6 25. Qd6+ Qxd6 26. Rxd6 Kc7
27. Rf6 Rh7 28. Kc2 Nd7 29. Rf4 Ne5 30. Kb3 f5 31. Bc2 Rh2 32. Bd1 Rxf2 33. Rh4
Nxf3 34. Rh6 Ne5 35. Bc2 Rg2 36. Rh7+ Kb6 37. Re7 Nf3 38. Rg7 Nd2+ 39. Ka2 f4
40. a4 a5 41. Bd3 f3 42. Rf7 g5 43. Ka3 f2 44. b4 axb4+ 45. Kxb4 Rg4+ 46. c4
Rf4 0-1

[Event "4NCL Division Three East"]
[Site "Milton Keynes, ENG"]
[Date "2023.05.01"]
[Round "11.56"]
[White "McMahon, Paul"]
[Black "Keerthi Kumar, Advait"]
[Result "1-0"]
[WhiteElo "1965"]
[BlackElo "1704"]
[PlyCount "87"]
[EventDate "2023.05.01"]
[WhiteTeam "Poisoned Pawns"]
[BlackTeam "Watford A"]

1. e4 c5 2. Nf3 Nc6 3. c3 Nf6 4. e5 Nd5 5. Bc4 Nb6 6. Bb3 c4 7. Bc2 g6 8. d4
cxd3 9. Bxd3 Bg7 10. Bf4 O-O 11. O-O Nd5 12. Bg3 b6 13. Bxg6 hxg6 14. Qxd5 Na5
15. Qxa8 Nc6 16. Nd4 Qc7 17. Nb5 Qd8 18. Nxa7 Qc7 19. Nb5 Qd8 20. Qa4 Bb7 21.
Re1 Ba8 22. Nd2 Qc8 23. Nf3 Qb7 24. Qe4 Qc8 25. Qe3 Qb7 26. Re2 Kh7 27. Rd1 Bh6
28. Bf4 Bg7 29. Ng5+ Kg8 30. Qh3 Re8 31. Nd4 Nxd4 32. cxd4 Qd5 33. Nf3 Qc4 34.
Red2 Bd5 35. Qxd7 Bc6 36. Qa7 Ra8 37. Qxb6 Bxf3 38. gxf3 Qd5 39. Qb3 Qd7 40. a3
g5 41. Bxg5 Qf5 42. Qe3 Ra6 43. Qf4 Qh3 44. Qg4 1-0

[Event "4NCL Division Three East"]
[Site "Daventry, ENG"]
[Date "2023.01.07"]
[Round "3.11"]
[White "Cooksey, Paul S"]
[Black "Scott, David A"]
[Result "1-0"]
[WhiteElo "2284"]
[BlackElo "2118"]
[PlyCount "99"]
[EventDate "2023.01.07"]
[WhiteTeam "Crowthorne A"]
[BlackTeam "Surbiton"]

1. c4 c6 2. Nf3 d5 3. e3 Nf6 4. Nc3 e6 5. d4 Nbd7 6. Qc2 Bd6 7. b3 O-O 8. Be2
b6 9. O-O Bb7 10. Bb2 Qe7 11. Rad1 Rad8 12. Rfe1 Rfe8 13. g3 c5 14. cxd5 exd5
15. Nh4 g6 16. dxc5 bxc5 17. Qb1 Qe6 18. Bf1 Bf8 19. Bg2 Bg7 20. Ne2 Ne5 21.
Qa1 g5 22. Nf3 Nxf3+ 23. Bxf3 Qf5 24. Bg2 Ng4 25. Rf1 Ba6 26. h3 Bxe2 27. hxg4
Qg6 28. Bxd5 Bxb2 29. Qxb2 Bxf1 30. Kxf1 Qa6+ 31. Kg1 Rd6 32. Qd2 Red8 33. e4
h6 34. Qc2 Qb6 35. Kg2 R8d7 36. Qc4 Kg7 37. Rc1 Qa6 38. Qxc5 Qxa2 39. Qd4+ Kg8
40. Rc8+ Rd8 41. Rxd8+ Rxd8 42. Bxf7+ Kxf7 43. Qxd8 Qxb3 44. Qd7+ Kg6 45. e5
Qc2 46. Qe6+ Kg7 47. Qf6+ Kh7 48. Qf7+ Kh8 49. e6 Qe4+ 50. Kh2 1-0

[Event "4NCL Division Three East"]
[Site "Daventry, ENG"]
[Date "2023.01.07"]
[Round "3.12"]
[White "Seymour, Timothy P"]
[Black "Webb, Richard M"]
[Result "0-1"]
[WhiteElo "2093"]
[BlackElo "2190"]
[PlyCount "120"]
[EventDate "2023.01.07"]
[WhiteTeam "Surbiton"]
[BlackTeam "Crowthorne A"]

1. Nf3 g6 2. d4 Nf6 3. b3 Bg7 4. Bb2 O-O 5. e3 d5 6. c4 c6 7. Be2 Bf5 8. O-O
Nbd7 9. Nbd2 Ne4 10. Nxe4 Bxe4 11. Ng5 Bf5 12. g4 e5 13. Nxh7 Kxh7 14. gxf5
Qg5+ 15. Kh1 Qxf5 16. Bg4 Qe4+ 17. f3 Qxe3 18. Bxd7 Rad8 19. Bh3 dxc4 20. bxc4
exd4 21. Qe1 Rfe8 22. Qxe3 dxe3 23. Bxg7 Kxg7 24. Rfe1 Rd2 25. Kg1 f5 26. Rad1
Kf6 27. f4 Re4 28. Rb1 b6 29. Rb3 Rxf4 30. Rbxe3 Rxc4 31. R1e2 Rxe2 32. Rxe2 b5
33. Kf2 a5 34. Bg2 b4 35. Ke3 a4 36. Rb2 c5 37. Bd5 Rc3+ 38. Kf2 Ke5 39. Bc6 a3
40. Rd2 c4 41. Rd5+ Kf6 42. Ra5 Rc2+ 43. Ke3 Rxa2 44. Bd5 Rc2 45. Kd4 c3 46.
Ra6+ Kg5 47. Bf7 Rxh2 48. Rxg6+ Kf4 49. Rg1 Rd2+ 50. Kc4 Rb2 51. Bg6 Ke5 52.
Rf1 f4 53. Bh7 a2 54. Re1+ Kf6 55. Bd3 f3 56. Kd4 f2 57. Rf1 Kg5 58. Bc4 Kf4
59. Be6 Kg3 60. Bc4 Rb1 0-1

[Event "4NCL Division Three East"]
[Site "Daventry, ENG"]
[Date "2023.01.07"]
[Round "3.13"]
[White "Coates, Kenneth G"]
[Black "Dupre, Paul D"]
[Result "1/2-1/2"]
[WhiteElo "2019"]
[BlackElo "1930"]
[PlyCount "45"]
[EventDate "2023.01.07"]
[WhiteTeam "Crowthorne A"]
[BlackTeam "Surbiton"]

1. d4 Nf6 2. Bg5 d5 3. Bxf6 exf6 4. e3 Be6 5. g3 c5 6. Ne2 Qb6 7. b3 Nc6 8. Bg2
Rd8 9. O-O Bg4 10. c3 cxd4 11. cxd4 Qa6 12. f3 Bc8 13. Nbc3 Ba3 14. Qd2 O-O 15.
Rad1 Rfe8 16. Nf4 Ne7 17. Qd3 Qa5 18. g4 Bd6 19. Nfe2 a6 20. h3 f5 21. a4 fxg4
22. fxg4 Bb8 23. Rf3 1/2-1/2

[Event "4NCL Division Three East"]
[Site "Daventry, ENG"]
[Date "2023.01.07"]
[Round "3.14"]
[White "Faulks, Nick"]
[Black "Purdon, Colin"]
[Result "0-1"]
[WhiteElo "1802"]
[BlackElo "1983"]
[PlyCount "94"]
[EventDate "2023.01.07"]
[WhiteTeam "Surbiton"]
[BlackTeam "Crowthorne A"]

1. e4 c6 2. c4 d5 3. exd5 Nf6 4. Nc3 cxd5 5. cxd5 Nxd5 6. Bc4 Nb6 7. Bb3 Nc6 8.
Nf3 Bf5 9. O-O e6 10. d4 Be7 11. Re1 O-O 12. Bf4 Bf6 13. Be5 Bg4 14. Bxf6 Qxf6
15. Ne4 Qf4 16. Qd2 Qxd2 17. Nexd2 Rfd8 18. Re4 Bf5 19. Rf4 h6 20. h4 Nd5 21.
Bxd5 Rxd5 22. g4 Bh7 23. g5 hxg5 24. hxg5 Rad8 25. Nb3 Bc2 26. Re1 Bxb3 27.
axb3 Nxd4 28. Ne5 Nf5 29. g6 fxg6 30. Nxg6 Rd1 31. Rfe4 Rxe1+ 32. Rxe1 Kf7 33.
Nf4 Nd4 34. Re3 Kf6 35. Kg2 g6 36. Rg3 g5 37. Nh3 Rd5 38. Rd3 e5 39. f3 Rb5 40.
Nf2 Rxb3 41. Ne4+ Kg6 42. Rxb3 Nxb3 43. Nd6 Na5 44. b4 Nc6 45. b5 Nd4 46. b6
axb6 47. Nxb7 b5 0-1

[Event "4NCL Division Three East"]
[Site "Daventry, ENG"]
[Date "2023.01.07"]
[Round "3.15"]
[White "Duckers, Harvey L"]
[Black "Alcock, Graham P"]
[Result "1-0"]
[WhiteElo "1845"]
[BlackElo "1758"]
[PlyCount "101"]
[EventDate "2023.01.07"]
[WhiteTeam "Crowthorne A"]
[BlackTeam "Surbiton"]

1. c4 Nf6 2. Nc3 g6 3. e4 d6 4. d4 Bg7 5. f3 O-O 6. Be3 e5 7. Nge2 Bd7 8. Qd2
exd4 9. Nxd4 Nc6 10. Be2 Nxd4 11. Bxd4 Bc6 12. O-O Qe7 13. Rfe1 a6 14. Bf1 Rfe8
15. Bf2 Rad8 16. Rac1 b6 17. a3 Rc8 18. b4 Bb7 19. Red1 Qf8 20. Be3 Nd7 21. Nd5
f5 22. exf5 Qxf5 23. Bd3 Qe5 24. Bf2 c5 25. f4 Qh5 26. Re1 Kf8 27. Rxe8+ Rxe8
28. Nc7 Re7 29. Bf1 Nf6 30. Qxd6 Ne4 31. Ne6+ Kf7 32. Nxg7 Nxd6 33. Nxh5 gxh5
34. bxc5 bxc5 35. Bxc5 Re6 36. Rd1 Ne4 37. Rd7+ Kg8 38. Bd4 Bc6 39. Rc7 Nd2 40.
Bd3 Be4 41. Bf1 Bg6 42. Be5 h4 43. c5 Be4 44. Rg7+ Kf8 45. Rg5 Bg6 46. Bd6+ Ke8
47. Bxa6 Re1+ 48. Kf2 Ra1 49. Re5+ Kd8 50. c6 Ne4+ 51. Rxe4 1-0

[Event "4NCL Division Three East"]
[Site "Daventry, ENG"]
[Date "2023.01.07"]
[Round "3.16"]
[White "Boughen, Andrew"]
[Black "Tart, Peter K"]
[Result "1/2-1/2"]
[WhiteElo "1706"]
[BlackElo "1853"]
[PlyCount "55"]
[EventDate "2023.01.07"]
[WhiteTeam "Surbiton"]
[BlackTeam "Crowthorne A"]

1. d4 f5 2. Nf3 Nf6 3. g3 e6 4. Bg2 Be7 5. O-O O-O 6. c4 d6 7. Nc3 Ne4 8. Qc2
Nxc3 9. Qxc3 a5 10. a3 Nc6 11. Re1 Bf6 12. e4 e5 13. d5 fxe4 14. Nd2 Nd4 15.
Nxe4 b6 16. Be3 Nf5 17. b4 Nxe3 18. Qxe3 Bf5 19. c5 bxc5 20. bxc5 Rb8 21. Rab1
Qe7 22. c6 Bg5 23. Qe2 Ra8 24. Rb7 Bh6 25. Reb1 Bc8 26. Rb8 Ba6 27. Rxf8+ Qxf8
28. Qe1 1/2-1/2

[Event "4NCL Division Three East"]
[Site "Daventry, ENG"]
[Date "2023.01.07"]
[Round "3.21"]
[White "Povah, Nigel E"]
[Black "Nelson, Omowale"]
[Result "1-0"]
[WhiteElo "2259"]
[BlackElo "1995"]
[PlyCount "67"]
[EventDate "2023.01.07"]
[WhiteTeam "Guildford Castles"]
[BlackTeam "Watford A"]

1. d4 d5 2. Bf4 Nf6 3. e3 Bg4 4. f3 Bf5 5. g4 Bg6 6. h4 h5 7. g5 Nfd7 8. c4 e6
9. Nc3 c6 10. Qb3 Qb6 11. c5 Qxb3 12. axb3 e5 13. Bg3 Be7 14. f4 f6 15. Bh3 Bd3
16. Kd2 e4 17. g6 Na6 18. Ra4 Bd8 19. Nge2 Nf8 20. f5 Nc7 21. Rha1 a6 22. Nf4
Bb5 23. R4a2 Rc8 24. Bf1 Bxf1 25. Rxf1 Kd7 26. b4 Ra8 27. Be1 Rb8 28. Nce2 b6
29. Kc2 Be7 30. Ng3 bxc5 31. bxc5 Rb5 32. b4 Rh6 33. Ngxh5 Nxg6 34. fxg6 1-0

[Event "4NCL Division Three East"]
[Site "Daventry, ENG"]
[Date "2023.01.07"]
[Round "3.22"]
[White "Van Essen, Luuk"]
[Black "Granat, Russell G"]
[Result "1/2-1/2"]
[WhiteElo "1965"]
[BlackElo "2267"]
[PlyCount "131"]
[EventDate "2023.01.07"]
[WhiteTeam "Watford A"]
[BlackTeam "Guildford Castles"]

1. d4 d5 2. Nf3 Bf5 3. c4 e6 4. Nc3 Nc6 5. a3 Nf6 6. Bg5 Be7 7. e3 Ne4 8. Bxe7
Nxe7 9. Bd3 Nxc3 10. bxc3 O-O 11. O-O c6 12. Bxf5 Nxf5 13. Qb3 Rb8 14. a4 Nd6
15. Nd2 f5 16. f3 Kh8 17. c5 Ne8 18. Rfb1 g5 19. a5 a6 20. Qb6 Nc7 21. c4 dxc4
22. Nxc4 f4 23. Qb2 Kg8 24. e4 Nb5 25. Rd1 Rf7 26. Rd3 Qe7 27. Rad1 Re8 28. Ne5
Rg7 29. Qb3 h5 30. h3 Qf6 31. Nc4 g4 32. hxg4 hxg4 33. fxg4 Rxg4 34. e5 Qg6 35.
R1d2 f3 36. Rxf3 Nxd4 37. Rxd4 Rxd4 38. Ne3 Re7 39. Nf5 Rd1+ 40. Qxd1 exf5 41.
Qd6 Qg5 42. Qd8+ Kf7 43. Qh8 Ke6 44. Qc8+ Kxe5 45. Qb8+ Ke6 46. Qd6+ Kf7 47.
Rg3 Qf6 48. Qb8 Qh6 49. Rh3 Qg7 50. Qd6 Qa1+ 51. Kh2 Qe5+ 52. Qxe5 Rxe5 53.
Rh7+ Ke6 54. Rxb7 Rxc5 55. Rb6 Rxa5 56. Rxc6+ Ke5 57. Kg3 Ra4 58. Rc8 a5 59.
Re8+ Kf6 60. Rf8+ Ke6 61. Ra8 Rg4+ 62. Kf3 a4 63. Ra5 Rb4 64. g3 Kf6 65. Ra8
Rb3+ 66. Kf4 1/2-1/2

[Event "4NCL Division Three East"]
[Site "Daventry, ENG"]
[Date "2023.01.07"]
[Round "3.23"]
[White "Punnett, Alan K"]
[Black "Lancaster, Roger"]
[Result "1-0"]
[WhiteElo "2146"]
[BlackElo "1956"]
[PlyCount "121"]
[EventDate "2023.01.07"]
[WhiteTeam "Guildford Castles"]
[BlackTeam "Watford A"]

1. e4 e6 2. d4 d5 3. Nc3 Bb4 4. e5 c5 5. a3 Bxc3+ 6. bxc3 Qa5 7. Bd2 Qa4 8. Nf3
Nc6 9. Bd3 c4 10. Be2 Bd7 11. O-O f5 12. exf6 Nxf6 13. Ng5 e5 14. dxe5 Nxe5 15.
Bh5+ Kf8 16. Bf4 Bg4 17. Bxg4 Nexg4 18. Re1 Qd7 19. Qd4 Re8 20. Qxa7 h6 21. Nh3
g5 22. Rxe8+ Nxe8 23. Re1 Rh7 24. Qc5+ Kg8 25. Bg3 Ngf6 26. f3 Rf7 27. Nf2 Kh7
28. Nd1 Ng7 29. Re5 Ngh5 30. Ne3 Qc6 31. Qxc6 bxc6 32. Re6 Nxg3 33. hxg3 Kg7
34. Nf5+ Kg6 35. Ne7+ Kg7 36. Nxc6 Rf8 37. Nb4 g4 38. a4 Ra8 39. Ra6 Re8 40.
Kf2 Rf8 41. Ke3 Nh5 42. fxg4 Nxg3 43. Nxd5 Re8+ 44. Kf3 Ne4 45. Ra7+ Kf8 46. a5
Nd2+ 47. Kf4 Rd8 48. Ne3 Re8 49. Nf5 Re4+ 50. Kg3 Re6 51. Kh4 Ne4 52. Rc7 Nxc3
53. Rxc4 Nd5 54. Ra4 Nc3 55. Ra3 Nb5 56. Rb3 Nc7 57. Rb6 Re2 58. Rc6 Nd5 59. a6
Re8 60. Rxh6 Re1 61. a7 1-0

[Event "4NCL Division Three East"]
[Site "Daventry, ENG"]
[Date "2023.01.07"]
[Round "3.24"]
[White "Taylor, Alistair"]
[Black "White, Nigel"]
[Result "0-1"]
[WhiteElo "1895"]
[BlackElo "2097"]
[PlyCount "60"]
[EventDate "2023.01.07"]
[WhiteTeam "Watford A"]
[BlackTeam "Guildford Castles"]

1. d4 Nf6 2. Nf3 g6 3. c4 Bg7 4. Nc3 O-O 5. Bf4 d6 6. e4 Nbd7 7. Qd2 c6 8. Bh6
Qa5 9. Bxg7 Kxg7 10. a3 e5 11. b4 Qc7 12. d5 a5 13. Rb1 axb4 14. axb4 cxd5 15.
cxd5 Nb6 16. Nb5 Qb8 17. Qe3 Na4 18. Nd2 Bd7 19. Nc3 Ng4 20. Qd3 Nxc3 21. Qxc3
Rc8 22. Qb2 Ra4 23. h3 Nf6 24. Be2 Qa7 25. Bd1 Ra2 26. Qb3 Rxd2 27. O-O Nxe4
28. Bf3 Rc3 29. Bxe4 Rxb3 30. Rxb3 Bb5 0-1

[Event "4NCL Division Three East"]
[Site "Daventry, ENG"]
[Date "2023.01.07"]
[Round "3.25"]
[White "Shepley, Julien M"]
[Black "Rubeck, Jonathan"]
[Result "0-1"]
[WhiteElo "1968"]
[BlackElo "1907"]
[PlyCount "158"]
[EventDate "2023.01.07"]
[WhiteTeam "Guildford Castles"]
[BlackTeam "Watford A"]

1. e4 d5 2. exd5 Qxd5 3. Nf3 Nf6 4. Be2 c6 5. d4 Bg4 6. c4 Qa5+ 7. Nc3 e6 8.
Qb3 Qb4 9. h3 Qxb3 10. axb3 Bf5 11. Be3 Na6 12. O-O Nb4 13. d5 exd5 14. cxd5
Nfxd5 15. Nxd5 Nxd5 16. Rxa7 Rxa7 17. Bxa7 Bb4 18. Nd4 Bg6 19. Bf3 O-O 20. Bxd5
cxd5 21. Rd1 f6 22. Nb5 Rd8 23. Rd4 Bf8 24. Bb6 Rd7 25. Nc3 Bf7 26. b4 Be6 27.
b5 Bd6 28. b4 Be5 29. Ne2 Bxd4 30. Nxd4 Bf7 31. Bc5 g6 32. b6 f5 33. Kf1 Kg7
34. Ke2 Kf6 35. Kd3 f4 36. f3 g5 37. Nb5 Bg6+ 38. Kd4 Bc2 39. Kc3 Bd1 40. Nd4
h5 41. Kd2 Ba4 42. Ke1 Rd8 43. Kf2 Bd7 44. Nb3 Bb5 45. Bd4+ Kg6 46. Nc5 Rb8 47.
g3 fxg3+ 48. Kxg3 Kf5 49. h4 gxh4+ 50. Kxh4 Be8 51. Kg3 Bf7 52. f4 Be6 53. Kf3
Bc8 54. Nb3 Ra8 55. Na5 h4 56. Be5 Ra6 57. Bc7 d4 58. Nc4 Ke6 59. Ke4 h3 60.
f5+ Ke7 61. Kxd4 Bxf5 62. Nd6 Bg4 63. Nxb7 Rxb6 64. Bxb6 h2 65. Bc5+ Kd7 66.
Nd6 h1=Q 67. Ke5 Kc6 68. Kd4 Be2 69. Ke5 Qh4 70. Kf5 Bd3+ 71. Ke5 Qg4 72. Kf6
Qf4+ 73. Ke6 Qg5 74. Kf7 Kd7 75. Kf8 Qe7+ 76. Kg8 Bh7+ 77. Kh8 Bg6 78. Kg8 Qh7+
79. Kf8 Qh8# 0-1

[Event "4NCL Division Three East"]
[Site "Daventry, ENG"]
[Date "2023.01.07"]
[Round "3.26"]
[White "Keerthi Kumar, Advait"]
[Black "Stimpson, Philip M"]
[Result "1/2-1/2"]
[WhiteElo "1640"]
[BlackElo "1926"]
[PlyCount "131"]
[EventDate "2023.01.07"]
[WhiteTeam "Watford A"]
[BlackTeam "Guildford Castles"]

1. e4 c5 2. Nf3 Nc6 3. d4 cxd4 4. Nxd4 Nf6 5. f3 e5 6. Nb5 d6 7. c4 a6 8. N5a3
Nxe4 9. fxe4 Qh4+ 10. Kd2 Qxe4 11. Nc3 Qd4+ 12. Ke1 Qxd1+ 13. Kxd1 Be6 14. Be3
Rc8 15. Rc1 Nb4 16. Nc2 Nxc2 17. Rxc2 Be7 18. b3 O-O 19. Kc1 Rfd8 20. g3 d5 21.
Nxd5 Ba3+ 22. Kd1 Bxd5 23. cxd5 Rxd5+ 24. Bd2 Rcd8 25. Bg2 R5d7 26. Ke2 b6 27.
Bc1 Bc5 28. Be3 Bxe3 29. Kxe3 f5 30. Rhc1 Rd3+ 31. Ke2 e4 32. Rc8 Rd2+ 33. Ke1
Kf8 34. Rxd8+ Rxd8 35. Rc6 Rb8 36. Ke2 g6 37. Ke3 Kg7 38. Bf1 a5 39. a4 Kh6 40.
h4 Kg7 41. Bc4 Kh6 42. Kf4 Rb7 43. Ba6 Rd7 44. Rxb6 Rd2 45. Bc4 Rf2+ 46. Ke3
Rf3+ 47. Ke2 Rxg3 48. Rb5 Kh5 49. Rxa5 Kxh4 50. Re5 Kg4 51. a5 Kf4 52. Rc5 Rg2+
53. Ke1 Ke3 54. a6 Ra2 55. Kd1 f4 56. b4 Rd2+ 57. Kc1 Rd8 58. b5 f3 59. b6 Kd4
60. Rd5+ Rxd5 61. b7 Kxc4 62. b8=Q Rf5 63. Qc7+ Rc5 64. Qf7+ Kb5+ 65. Kd2 Kxa6
66. Qe6+ 1/2-1/2

[Event "4NCL Division Three East"]
[Site "Daventry, ENG"]
[Date "2023.01.07"]
[Round "3.31"]
[White "Salmons, Calum"]
[Black "Starley, Robert"]
[Result "0-1"]
[WhiteElo "1989"]
[BlackElo "2013"]
[PlyCount "134"]
[EventDate "2023.01.07"]
[WhiteTeam "Sussex Martlets 2"]
[BlackTeam "Cambridge University 2"]

1. d4 Nf6 2. Bf4 c5 3. d5 d6 4. c4 e5 5. dxe6 Bxe6 6. Nc3 a6 7. Nd5 Nxd5 8.
cxd5 Bf5 9. e4 Bg6 10. h4 h5 11. Bd3 Be7 12. Nf3 Bf6 13. O-O O-O 14. Bg5 Nd7
15. a4 Re8 16. Re1 c4 17. Bc2 Nc5 18. e5 Bxc2 19. Qxc2 dxe5 20. Qxc4 Rc8 21.
Rac1 e4 22. Bxf6 Qxf6 23. Ng5 Qf5 24. Rc2 b5 25. axb5 axb5 26. Qxb5 Nd3 27.
Ree2 Ra8 28. Kh2 Nf4 29. Red2 Qg4 30. g3 e3 31. Rd4 e2 32. Rxf4 e1=Q 33. Rxg4
hxg4 34. Qd7 Rf8 35. Qf5 g6 36. Qe4 Qd1 37. Nxf7 Rxf7 38. Qxg6+ Kf8 39. Qh6+
Kg8 40. Qg6+ Rg7 41. Qe6+ Kh7 42. Qf5+ Kh8 43. Rc6 Qf3 44. Rh6+ Kg8 45. Qe6+
Qf7 46. Qxf7+ Kxf7 47. Rb6 Rd8 48. Rb5 Kf6 49. Kg2 Ke5 50. f3 gxf3+ 51. Kxf3
Rxd5 52. Rxd5+ Kxd5 53. Kf4 Ke6 54. g4 Kf6 55. h5 Rb7 56. g5+ Kg7 57. Kf5 Rb5+
58. Kf4 Rxb2 59. Kf5 Rb5+ 60. Kf4 Kf7 61. Kg4 Ra5 62. Kf4 Kg7 63. Kg4 Ra4+ 64.
Kf5 Rh4 65. h6+ Kh7 66. Kf6 Rf4+ 67. Ke5 Rf1 0-1

[Event "4NCL Division Three East"]
[Site "Daventry, ENG"]
[Date "2023.01.07"]
[Round "3.32"]
[White "Atako, Chino C"]
[Black "Graham, William M"]
[Result "0-1"]
[WhiteElo "2032"]
[BlackElo "1995"]
[PlyCount "102"]
[EventDate "2023.01.07"]
[WhiteTeam "Cambridge University 2"]
[BlackTeam "Sussex Martlets 2"]

1. d4 Nf6 2. c4 g6 3. Nc3 Bg7 4. e4 d6 5. h3 O-O 6. Be3 e5 7. d5 a5 8. Nf3 Na6
9. Be2 b6 10. g4 Nc5 11. Qc2 Ne8 12. O-O-O f5 13. gxf5 gxf5 14. Rdg1 f4 15.
Bxc5 bxc5 16. Ng5 Nf6 17. Ne6 Bxe6 18. dxe6 Re8 19. h4 Kh8 20. h5 Bh6 21. Bg4
Nxg4 22. Rxg4 Rxe6 23. f3 Qd7 24. Rhg1 Re7 25. Nd5 Rg7 26. Rxg7 Bxg7 27. Qh2 h6
28. Rg6 Rf8 29. Qh4 Rf7 30. b3 c6 31. Nc3 Bf8 32. Qh2 Kh7 33. Qg2 Rg7 34. Nd1
Qf7 35. Rxg7+ Qxg7 36. Qxg7+ Kxg7 37. Nf2 Kf6 38. Nh3 Ke6 39. Kc2 Be7 40. Kd3
Bh4 41. Ke2 Kd7 42. a4 Ke6 43. Kd2 d5 44. Kd3 Kd6 45. Ke2 Ke6 46. Kf1 Kf6 47.
Ke2 Ke6 48. Kf1 Kf7 49. Ke2 Ke7 50. Kf1 Ke6 51. Ke2 Be7 0-1

[Event "4NCL Division Three East"]
[Site "Daventry, ENG"]
[Date "2023.01.07"]
[Round "3.33"]
[White "Hedger, Alec"]
[Black "Blackie, Neville J"]
[Result "0-1"]
[WhiteElo "1968"]
[BlackElo "2086"]
[PlyCount "46"]
[EventDate "2023.01.07"]
[WhiteTeam "Sussex Martlets 2"]
[BlackTeam "Cambridge University 2"]

1. e4 c5 2. d4 cxd4 3. c3 dxc3 4. Nxc3 Nc6 5. Nf3 d6 6. Bc4 a6 7. O-O Nf6 8.
Qe2 Bg4 9. e5 Nxe5 10. Nxe5 dxe5 11. Qxe5 Rc8 12. Bb3 Qc7 13. f4 e6 14. h3 Bf5
15. g4 Bc5+ 16. Kg2 Bg6 17. Qe2 O-O 18. g5 Qc6+ 19. Kh2 Ne4 20. h4 Bf5 21. h5
Rcd8 22. Re1 Nxc3 23. bxc3 Rd3 0-1

[Event "4NCL Division Three East"]
[Site "Daventry, ENG"]
[Date "2023.01.07"]
[Round "3.35"]
[White "Airlie, Arran"]
[Black "Borrowdale, Graham E"]
[Result "1/2-1/2"]
[WhiteElo "1782"]
[BlackElo "1964"]
[PlyCount "123"]
[EventDate "2023.01.07"]
[WhiteTeam "Sussex Martlets 2"]
[BlackTeam "Cambridge University 2"]

1. e4 e6 2. d4 d5 3. Nd2 Nf6 4. e5 Nfd7 5. f4 c5 6. c3 Nc6 7. Ndf3 Qb6 8. Rb1
cxd4 9. Nxd4 Nxd4 10. cxd4 Bb4+ 11. Kf2 f6 12. Nf3 O-O 13. Be3 Qd8 14. Bd3 f5
15. h4 Qe8 16. h5 Be7 17. Qc2 Nb6 18. g4 Bd7 19. Rbg1 Bb5 20. Nh4 Rc8 21. Qb1
Bxd3 22. Qxd3 Bxh4+ 23. Rxh4 Qe7 24. Rh2 Qb4 25. Kf3 fxg4+ 26. Rxg4 Rf5 27.
Rhg2 Rc7 28. Rg5 Rxg5 29. fxg5 Rf7+ 30. Bf4 Nc4 31. Qe2 Qf8 32. Rg4 Qb4 33. g6
Rf5 34. gxh7+ Kxh7 35. Qg2 Qf8 36. Qc2 Qf7 37. Kg3 Kg8 38. h6 g5 39. Rxg5+
Rxg5+ 40. Bxg5 Qh7 41. Qxh7+ Kxh7 42. b3 Na5 43. Kf3 Nc6 44. Ke3 Kg6 45. a3 b5
46. Kd3 a6 47. Be3 Kh7 48. Ke2 Kg6 49. Kf3 Na5 50. Bd2 Nxb3 51. Bc3 Kxh6 52.
Ke2 Kg6 53. Kd3 a5 54. Kc2 b4 55. axb4 axb4 56. Kxb3 bxc3 57. Kxc3 Kf5 58. Kb4
Ke4 59. Kc5 Ke3 60. Kd6 Kxd4 61. Kxe6 Kc5 62. Kf7 1/2-1/2

[Event "4NCL Division Three East"]
[Site "Daventry, ENG"]
[Date "2023.01.07"]
[Round "3.36"]
[White "Gooding, Ian"]
[Black "Buckland, Louis"]
[Result "0-1"]
[WhiteElo "1941"]
[BlackElo "1638"]
[PlyCount "71"]
[EventDate "2023.01.07"]
[WhiteTeam "Cambridge University 2"]
[BlackTeam "Sussex Martlets 2"]

1. e4 c6 2. c4 d5 3. exd5 cxd5 4. cxd5 Nf6 5. Bb5+ Nbd7 6. Bc4 Nb6 7. Bb3 Nbxd5
8. d4 e6 9. Nf3 Be7 10. O-O O-O 11. Nc3 a6 12. a4 b6 13. Be3 Bb7 14. Qe2 Rc8
15. Rfc1 Qd6 16. Ne5 Rfd8 17. a5 b5 18. Nd3 Nxc3 19. bxc3 Bd5 20. Bf4 Qd7 21.
Ne5 Qb7 22. Bc2 Bc4 23. Nxc4 Rxc4 24. Bd3 Rc6 25. Qf3 Qc8 26. Be5 Nd5 27. Qh5
h6 28. c4 bxc4 29. Be4 Bg5 30. Rc2 Bf6 31. f4 Qd7 32. Rf2 Rcc8 33. f5 Bxe5 34.
dxe5 Nf4 35. Qf3 Nd3 36. Rd1 0-1

[Event "4NCL Division Three East"]
[Site "Daventry, ENG"]
[Date "2023.01.07"]
[Round "3.41"]
[White "Cox, Toby"]
[Black "Swanson, Stephen"]
[Result "1/2-1/2"]
[WhiteElo "2182"]
[BlackElo "2196"]
[PlyCount "80"]
[EventDate "2023.01.07"]
[WhiteTeam "MK Phoenix 1"]
[BlackTeam "Poisoned Pawns"]

1. e4 d6 2. d4 Nf6 3. Nc3 e5 4. Nf3 exd4 5. Nxd4 Be7 6. Be3 O-O 7. Be2 Re8 8.
f4 Nxe4 9. Nxe4 Bh4+ 10. g3 Rxe4 11. Qd3 Qe8 12. Kf2 Bf6 13. Bf3 Re7 14. Rae1
Nc6 15. Nxc6 bxc6 16. Bd4 Bxd4+ 17. Qxd4 Bd7 18. Qa4 Rxe1 19. Rxe1 Qb8 20. Re7
Qb6+ 21. Kg2 Rd8 22. Bd5 Rf8 23. Rxd7 cxd5 24. Re7 h5 25. f5 c5 26. b3 a5 27.
Qh4 Qb4 28. Qxh5 Qd2+ 29. Re2 Qd4 30. Qg5 a4 31. h4 axb3 32. axb3 Ra8 33. Qe7
Qd1 34. f6 Ra1 35. Qe8+ Kh7 36. Kf3 Qf1+ 37. Rf2 Qd1+ 38. Re2 Qf1+ 39. Rf2 Qh1+
40. Kf4 gxf6 1/2-1/2

[Event "4NCL Division Three East"]
[Site "Daventry, ENG"]
[Date "2023.01.07"]
[Round "3.42"]
[White "Pickard, Charles"]
[Black "Fraser-Mitchell, Jeremy N"]
[Result "1-0"]
[WhiteElo "2172"]
[BlackElo "2074"]
[PlyCount "83"]
[EventDate "2023.01.07"]
[WhiteTeam "Poisoned Pawns"]
[BlackTeam "MK Phoenix 1"]

1. c4 f5 2. g3 Nf6 3. Bg2 g6 4. Nc3 Bg7 5. Nf3 O-O 6. O-O d6 7. d4 Qe8 8. d5 a5
9. e4 fxe4 10. Ng5 Na6 11. Ngxe4 Nxe4 12. Nxe4 Rb8 13. Re1 b5 14. cxb5 Rxb5 15.
Nc3 Rb8 16. Bg5 Qf7 17. Qd2 Bf6 18. Bxf6 Qxf6 19. Re4 Bf5 20. Rf4 Qg7 21. Re1
Nc5 22. b3 Rf7 23. Ne2 g5 24. Rc4 Rbf8 25. Nd4 Bc8 26. f3 h5 27. Qxa5 e5 28.
dxe6 Re7 29. g4 Nd3 30. Nf5 Rxf5 31. gxf5 Qb2 32. f6 Qf2+ 33. Kh1 Nxe1 34.
Qxg5+ Kf8 35. fxe7+ Ke8 36. Qg8+ Kxe7 37. Rxc7+ Kf6 38. Qg7+ Kxe6 39. Qf7+ Ke5
40. f4+ Kd4 41. Qc4+ Ke3 42. Re7+ 1-0

[Event "4NCL Division Three East"]
[Site "Daventry, ENG"]
[Date "2023.01.07"]
[Round "3.43"]
[White "Freeman, Richard C P"]
[Black "Rosen, Daniel B"]
[Result "1/2-1/2"]
[WhiteElo "2029"]
[BlackElo "2069"]
[PlyCount "39"]
[EventDate "2023.01.07"]
[WhiteTeam "MK Phoenix 1"]
[BlackTeam "Poisoned Pawns"]

1. f4 Nf6 2. Nf3 d6 3. Nc3 g6 4. e4 Bg7 5. Be2 O-O 6. O-O Bg4 7. d3 Nbd7 8. Qe1
c6 9. Be3 e6 10. Qg3 Bxf3 11. Bxf3 d5 12. f5 d4 13. Bxd4 Nxe4 14. dxe4 Bxd4+
15. Kh1 Be5 16. Qh3 Bxc3 17. fxe6 Bxb2 18. Rad1 Qe7 19. Rxd7 Qxe6 20. Qxe6
1/2-1/2